Aspectos problemáticos en la cobertura negocial de materias reguladas por laudo tras la derogación de la Ordenanza (Registro nro. 28503)
[ vista simple ]
| 000 -CABECERA | |
|---|---|
| Longitud fija campo de control | 01120naa a2200265 c 4500 |
| 001 - NÚMERO DE CONTROL | |
| Número de control | 28503 |
| 003 - IDENTIFICADOR DE NÚMERO DE CONTROL | |
| Identificador del número de control | ES-MaCES |
| 005 - FECHA Y HORA DE LA ÚLTIMA TRANSACCIÓN | |
| Fecha y hora de la última transacción | 19981124140800.0 |
| 008 - CAMPO FIJO DE DESCRIPCIÓN FIJA--INFORMACIÓN GENERAL | |
| Códigos de información de longitud fija | 961118n1996 sp ||| | spa d |
| 035 ## - NÚMERO DE CONTROL DEL SISTEMA | |
| Número de control del sistema | CES19980024411v |
| 040 ## - FUENTE DE CATALOGACIÓN | |
| Centro catalogador de origen | ES-MaCES |
| Lengua de catalogación | spa |
| Centro transcriptor | ES-MaCES |
| 100 1# - ENCABEZAMIENTO PRINCIPAL--NOMBRE PERSONAL | |
| Nombre de persona | Navarro Nieto, Federico |
| 9 (RLIN) | 19531 |
| 245 10 - MENCIÓN DE TÍTULO | |
| Título | Aspectos problemáticos en la cobertura negocial de materias reguladas por laudo tras la derogación de la Ordenanza |
| Resto del título | : el supuesto de una ordenación por acuerdo de empresa en el ámbito de la minería del carbón |
| Mención de responsabilidad, etc. | Federico Navarro Nieto y Pedro Gómez Caballero |
| 650 #4 - ASIENTO SECUNDARIO DE MATERIA--TÉRMINO DE MATERIA | |
| Término de materia o nombre geográfico como elemento inicial | España |
| 9 (RLIN) | 26964 |
| 650 #4 - ASIENTO SECUNDARIO DE MATERIA--TÉRMINO DE MATERIA | |
| Término de materia o nombre geográfico como elemento inicial | acuerdo colectivo de empresa |
| 9 (RLIN) | 31121 |
| 650 #4 - ASIENTO SECUNDARIO DE MATERIA--TÉRMINO DE MATERIA | |
| Término de materia o nombre geográfico como elemento inicial | convenio colectivo |
| 9 (RLIN) | 28361 |
| 650 #4 - ASIENTO SECUNDARIO DE MATERIA--TÉRMINO DE MATERIA | |
| Término de materia o nombre geográfico como elemento inicial | conflicto de trabajo |
| 9 (RLIN) | 28367 |
| 650 #4 - ASIENTO SECUNDARIO DE MATERIA--TÉRMINO DE MATERIA | |
| Término de materia o nombre geográfico como elemento inicial | explotación minera |
| 9 (RLIN) | 27815 |
| 653 10 - TÉRMINO DE INDEXACIÓN--NO CONTROLADO | |
| Término no controlado | Relaciones laborales-Empleo |
| 700 1# - ENCABEZAMIENTO SECUNDARIO--NOMBRE PERSONAL | |
| Nombre de persona | Gómez Caballero, Pedro |
| 9 (RLIN) | 13589 |
| 773 0# - ENTRADA DE DOCUMENTO FUENTE | |
| Título | Relaciones laborales |
| Parte(s) relacionada(s) | Las Rozas, Madrid. - Año 12, n. 18 (23 sept. 1996) ; p. 109-117 |
| Número de control del registro relacionado | (ES-MaCES)25210 |
| 902 ## - CES. TIPO DE DOCUMENTO | |
| Tipodoc (006$c Sirtex) | ART Artículo de revista |
| 942 ## - ELEMENTOS KOHA | |
| Fuente de clasificaión o esquema | Clasificación propia del CES |
| Koha [por defecto] tipo de item | Artículos (1982-2017) |
| Parte de clasificación | 2.0. |
No hay ítems disponibles.
